Loading...
| Fine Arts - Other Fine Arts | 0 | 3 | 0 | 0 | 30 | 80 | 88.00 | 0 | 2 |
| Literature - European Literature | 0 | 3 | 0 | 0 | 30 | 54 | 81.00 | 0 | 2 |
| History - Other History | 0 | 3 | 1 | 0 | 25 | 47 | 69.33 | 1 | 2 |
| History - European History | 0 | 3 | 1 | 1 | 25 | 46 | 72.33 | 0 | 0 |
| Literature - British Literature | 0 | 2 | 0 | 0 | 20 | 107 | 112.50 | 0 | 0 |
| Social Science | 0 | 1 | 0 | 1 | 10 | 103 | 103.00 | 0 | 0 |
| Literature - World Literature | 0 | 1 | 0 | 0 | 10 | 90 | 90.00 | 0 | 0 |
| Mythology | 0 | 1 | 0 | 0 | 10 | 73 | 73.00 | 0 | 0 |
| Philosophy | 0 | 1 | 0 | 0 | 10 | 108 | 108.00 | 0 | 1 |
| History - World History | 0 | 1 | 0 | 0 | 10 | 31 | 31.00 | 0 | 1 |
| Literature - American Literature | 0 | 1 | 0 | 0 | 10 | 116 | 116.00 | 0 | 0 |
| Science - Other Science | 0 | 0 | 1 | 0 | -5 | 0.00 | 0 | 0 |